000 nam a22 7a 4500
999 _c8206
_d8206
008 171212b xxu||||| |||| 00| 0 eng d
100 _aMisra.O.K.
_92271
245 _aDaisy English Reader
260 _aNew Delhi
_bNavdeep
_c2009